Save Canadians from Aliens! - Statistics

General Stats
  • This quiz has been taken 390 times
  • The average score is 104 of 151
Answers on the Map
Answers color-coded by a green-red scale on the quiz's map according to % correct below.
 
Answer Stats
Population Province / Territory % Correct
8,501,833 (34 answers) Quebec
83%
14,223,942 (57 answers) Ontario
80%
4,262,635 (17 answers) Alberta
67%
5,000,879 (20 answers) British Columbia
62%
1,342,153 (5 answers) Manitoba
51%
1,132,505 (5 answers) Saskatchewan
32%
40,232 (1 answer) Yukon
29%
510,550 (2 answers) Newfoundland and Labrador
20%
154,331 (1 answer) Prince Edward Island
20%
969,383 (4 answers) Nova Scotia
19%
36,858 (1 answer) Nunavut
19%
775,610 (3 answers) New Brunswick
15%
41,070 (1 answer) Northwest Territories
7%
No matching quizzes found
Score Distribution
Percent of People with Each Score
Percentile by Number Answered
Your Score History
You have not taken this quiz